| 000 | 01057nam a22002537a 4500 | ||
|---|---|---|---|
| 005 | 20170124103158.0 | ||
| 010 | _aB-236722 | ||
| 020 |
_c200.00 _a818846645 |
||
| 035 | _aB-236722 | ||
| 037 | _bCen Lib/Ret | ||
| 040 |
_aDPL _bHN |
||
| 082 |
_a823.092 _bआरसु |
||
| 100 |
_aआरसु _941420 |
||
| 245 |
_aमलयालम के महान कथाकार : _cआरसु _bसृजन-संवाद / |
||
| 246 |
_aMalyalam ke mahan kathakar : srijan-sanvad / _bby Arsu |
||
| 260 |
_aदिल्ली _bअमरसत्य प्रकाशन _c2006 |
||
| 270 |
_bदिल्ली _a109, ब्लाक बी, प्रीत विहार _e110092 |
||
| 300 |
_a184पृ. _c21सेमी(सजिल्द) |
||
| 650 |
_aमलयालम -- साहित्य _990390 |
||
| 650 |
_aमलयालम -- कथा-साहित्य _943989 |
||
| 650 |
_aMalayalam - Literature _930107 |
||
| 650 |
_aMalayalam - fiction _930463 |
||
| 942 |
_2ddc _cHN _h823.092 _mआरसु |
||
| 999 |
_c120432 _d120432 |
||